00317nam a22000977a 4500008004100000020002800041082003700069245004800106250003800154260002700192150326b xxu||||| |||| 00| 0 eng d a101292023589cAvailable 2Second Editiona519.4SAUb002815 aNumerical Analysis cSauer TimothyhEnglish aPearson New International Edition aEnglandbPearsonc2014